Plant analysis and fertilizer problems /

Bibliographic Details
Corporate Author: Colloquium on Plant Analysis and Fertilizer Problems Brussels
Other Authors: Bould, Cyril, Prevot, P., Magness, J. R.
Format: Conference Proceeding Book
Language:English
Published: Geneva, N.Y. : Humphrey Press, 1964.
Subjects:

MARC

Tag First Indicator Second Indicator Subfields
LEADER 00000cam a2200000Ii 4500
001 in00000040376
005 20151007072447.0
008 751006s1964 nyu 000 0 eng d
035 |a (OCoLC)ocm05971436 
035 |9 AAE7922AM 
040 |a CCH  |c CCH  |d OCL  |d TXA  |d UtOrBLW 
049 |a TXAM 
090 |a QK861  |b .C58 1962 
111 2 |a Colloquium on Plant Analysis and Fertilizer Problems  |n (4th :  |d 1962 :  |c Brussels) 
245 1 0 |a Plant analysis and fertilizer problems /  |c Edited by C. Bould, P. Prevot [and] J.R. Magness. 
264 1 |a Geneva, N.Y. :  |b Humphrey Press,  |c 1964. 
300 |a x, 430 pages :  |b illustrations ;  |c 24 cm. 
336 |a text  |b txt  |2 rdacontent 
337 |a unmediated  |b n  |2 rdamedia 
338 |a volume  |b nc  |2 rdacarrier 
500 |a "Published by American Society for Horticultural Science." 
650 0 |a Botanical chemistry  |v Congresses. 
650 0 |a Fertilizers  |v Congresses. 
700 1 |a Bould, Cyril. 
700 1 |a Prevot, P. 
700 1 |a Magness, J. R. 
994 |a C0  |b TXA 
999 |a MARS 
999 f f |s d5fd5740-496b-3f00-a3d6-547539db50d7  |i 1aa31059-3af3-37ec-a3e7-8065a6b6ec5c  |t 0 
952 f f |p ric  |a Texas A&M University  |b Rellis Campus  |c Joint Library Facility  |d Remote Storage  |t 0  |e QK861 .C58 1962  |h Library of Congress classification  |i unmediated -- volume  |m A14800988912 
998 f f |a QK861 .C58 1962  |t 0  |l Remote Storage